| 000 | 00478nam a22001937a 4500 | ||
|---|---|---|---|
| 003 | MPLRDC | ||
| 005 | 20220104114007.0 | ||
| 008 | 210129b ||||| |||| 00| 0 eng d | ||
| 020 | _a957-544-019-6 | ||
| 082 | _a830.8 XDWC v.174 | ||
| 100 | _a林黛曼 | ||
| 245 |
_a黑白心情 _c |
||
| 250 | _a一版三刷 | ||
| 260 |
_a _b希代书版有限公司 _c1990 |
||
| 300 | _b平 | ||
| 490 | _a希代文丛. 174 | ||
| 650 | _a中国文学总集 | ||
| 942 |
_cBK _o830.8 XDWC v.174 |
||
| 999 |
_c3981 _d3971 |
||